Malaysia's economic vision : (Record no. 1684)

000 -LEADER
fixed length control field nam a22 a 4500
003 - CONTROL NUMBER IDENTIFIER
control field AKMAL
005 - DATE AND TIME OF LATEST TRANSACTION
control field 20170511123711.0
008 - FIXED-LENGTH DATA ELEMENTS--GENERAL INFORMATION
fixed length control field 170511s1992 my 00 eng d
020 ## - INTERNATIONAL STANDARD BOOK NUMBER
International Standard Book Number 9679784258 (pbk.):
Terms of availability RM 99.00
040 ## - CATALOGING SOURCE
Original cataloging agency AKMAL
082 ## - DEWEY DECIMAL CLASSIFICATION NUMBER
Classification number 330.959500112 MAL
090 00 - LOCALLY ASSIGNED LC-TYPE CALL NUMBER (OCLC); LOCAL CALL NUMBER (RLIN)
Classification number (OCLC) (R) ; Classification number, CALL (RLIN) (NR) 330.959500112
Local cutter number (OCLC) ; Book number/undivided call number, CALL (RLIN) MAL
245 10 - TITLE STATEMENT
Title Malaysia's economic vision :
Remainder of title issues and challenges /
Statement of responsibility, etc. edited by Teh Hoe Yoke and Goh Kim Leng
260 ## - PUBLICATION, DISTRIBUTION, ETC.
Place of publication, distribution, etc. Petaling Jaya :
Name of publisher, distributor, etc. Pelanduk Publications,
Date of publication, distribution, etc. 1992
300 ## - PHYSICAL DESCRIPTION
Extent 440p. :
Other physical details ;
Dimensions 22cm
504 ## - BIBLIOGRAPHY, ETC. NOTE
Bibliography, etc. note Includes bibliographical references
650 ## - SUBJECT ADDED ENTRY--TOPICAL TERM
Topical term or geographic name entry element Economic forecasting
Geographic subdivision Malaysia
9 (RLIN) 82
651 ## - SUBJECT ADDED ENTRY--GEOGRAPHIC NAME
Geographic name Malaysia
General subdivision Economic policy
9 (RLIN) 49
651 ## - SUBJECT ADDED ENTRY--GEOGRAPHIC NAME
Geographic name Malaysia
General subdivision Economic conditions
9 (RLIN) 63
700 0# - ADDED ENTRY--PERSONAL NAME
Personal name Teh, Hoe Yoke
9 (RLIN) 3457
700 0# - ADDED ENTRY--PERSONAL NAME
Personal name Goh, Kim Leng
9 (RLIN) 3458
710 2# - ADDED ENTRY--CORPORATE NAME
Corporate name or jurisdiction name as entry element Persatuan Ekonomi Malaysia
9 (RLIN) 3459
942 ## - ADDED ENTRY ELEMENTS (KOHA)
Source of classification or shelving scheme
Koha item type Book
Holdings
Withdrawn status Lost status Source of classification or shelving scheme Damaged status Not for loan Collection code Home library Current library Shelving location Date acquired Inventory number Total Checkouts Full call number Barcode Date last seen Price effective from Koha item type
          NON-FICTION AKMAL Melaka AKMAL Melaka PINJAMAN 11.05.2017 002794   330.959500112 MAL 201705433 11.05.2017 11.05.2017 Book
Pusat Sumber Maklumat Dato' Haji Sarmin Md Hussin, Akademi Kastam Diraja Malaysia, Melaka
Tel: 06-2331106 | Faks: 06-2313787